Quick Pick: Titanic Luminaries Quiz Stats

 Plays Quiz not verified by Sporcle

Score 0/10 Timer 02:00
0 Plays Today
% Correct
John Jacob Astor
85.7%
Edward Smith
76.8%
Molly Brown
68%
Bruce Ismay
66.5%
Robert Ballard
63.1%
Thomas Andrews
55.7%
Harold Bride
46.3%
Charles Lightoller
45.6%
William Murdoch
44.6%
John George Phillips
36.5%

You're not logged in!

Compare scores with friends on all Sporcle quizzes.
OR
Log In

Show Comments

Extras

Top Quizzes Today


Score Distribution

Your Account Isn't Verified!

In order to create a playlist on Sporcle, you need to verify the email address you used during registration. Go to your Sporcle Settings to finish the process.

Report this User

Report this user for behavior that violates our Community Guidelines.

Details: